Представление документа в формате RUSMARC

Поле Инд. ПП Название Значение
Тип записи a
Библиографический уровень a
001 Контрольный номер fc298250becb4bb79e2977ed24303d60
005 Дата корректировки 20181120134522.2
100 a Данные общей обработки 20180904 ||| 0rusy0189 ca
101 0_ a Язык текста rus
102 a Страна публикации RU
200 1_ f Первые сведения об ответственности О.О. Журавлева
a Заглавие Финансовое законодательство 1917 г.: три этапа трансформации
210 d Дата издания 2018
461 _0 1 2000
a Финансовое право
463 _0 1 2000
a №1
v С. 15-20
1 2101
d 2018
1 00143c6caf206b24182886d34cfbe8dc4b3
606 a Основная рубрика Финансовое право
610 0_ a Ключевые слова ИСТОРИЯ ПРАВА РОССИИ
a Ключевые слова ФИНАНСОВОЕ ЗАКОНОДАТЕЛЬСТВО РФ
700 _1 a Фамилия Журавлева
b Имя О.О.
801 _0 a Страна RU
b Организация РГУП
c Дата составления 20180904
g Правила каталогизации PSBO
801 _1 a Страна RU
b Организация РГУП
c Дата составления 20180904
g Правила каталогизации PSBO
901 t Тип документа b
w Контрольный № источника 43c6caf206b24182886d34cfbe8dc4b3
905 a Дата ввода 20180904